000 00418nam a2200157Ia 4500
003 GCL
008 140319s9999 xx 000 0 eng d
040 _aGCL /
_cGCL
082 0 4 _a616.07
_bU G
100 1 _aUNDERWOOD, J. C. E.
245 1 0 _aGENERALAND SYSTEMATIC PATHOLOGY /
_cUNDERWOOD, J. C. E.
260 _a[S.N] :
_bCHURCHILL LIVINGSTONE ،
_c1992
300 _a847\P
650 0 4 _aPATHOLOGY
942 _2ddc
_cBK
999 _c19949
_d19949